Periphere extrakorporale Membranoxygenierung in der perioperativen Medizin
In den letzten Jahren haben sich die Zahlen von Patienten, die mit einer extrakorporalen Membranoxygenierung (ECMO) aufgrund einer schweren respiratorischen Insuffizienz oder eines kardiogenen Schocks auf Intensivstationen behandelt werden, stetig erhöht [1]. Damit steigt auch zwangsläufig die Anz...
Saved in:
| Main Authors: | , , , |
|---|---|
| Format: | Article (Journal) |
| Language: | German |
| Published: |
October 2024
|
| In: |
Die Chirurgie
Year: 2024, Volume: 95, Issue: 10, Pages: 859-868 |
| ISSN: | 2731-698X |
| DOI: | 10.1007/s00104-024-02135-5 |
| Online Access: | Verlag, lizenzpflichtig, Volltext: https://doi.org/10.1007/s00104-024-02135-5 Verlag, lizenzpflichtig, Volltext: https://link.springer.com/article/10.1007/s00104-024-02135-5 |
| Author Notes: | Stany Sandrio, Grietje Beck, Joerg Krebs, Matthias Otto |
MARC
| LEADER | 00000caa a2200000 c 4500 | ||
|---|---|---|---|
| 001 | 1908951648 | ||
| 003 | DE-627 | ||
| 005 | 20250114083914.0 | ||
| 007 | cr uuu---uuuuu | ||
| 008 | 241119s2024 xx |||||o 00| ||ger c | ||
| 024 | 7 | |a 10.1007/s00104-024-02135-5 |2 doi | |
| 035 | |a (DE-627)1908951648 | ||
| 035 | |a (DE-599)KXP1908951648 | ||
| 035 | |a (OCoLC)1475647791 | ||
| 040 | |a DE-627 |b ger |c DE-627 |e rda | ||
| 041 | |a ger | ||
| 084 | |a 33 |2 sdnb | ||
| 100 | 1 | |a Sandrio, Stany |d 1983- |e VerfasserIn |0 (DE-588)142374636 |0 (DE-627)635854007 |0 (DE-576)330384414 |4 aut | |
| 245 | 1 | 0 | |a Periphere extrakorporale Membranoxygenierung in der perioperativen Medizin |c Stany Sandrio, Grietje Beck, Joerg Krebs, Matthias Otto |
| 246 | 1 | |i Übersetzung des Haupttitels |a Peripheral extracorporeal membrane oxygenation in perioperative medicine$dprinciples, indications and challenges$hStany Sandrio, Grietje Beck, Joerg Krebs, Matthias Otto | |
| 264 | 1 | |c October 2024 | |
| 300 | |b Illustrationen | ||
| 300 | |a 9 | ||
| 336 | |a Text |b txt |2 rdacontent | ||
| 337 | |a Computermedien |b c |2 rdamedia | ||
| 338 | |a Online-Ressource |b cr |2 rdacarrier | ||
| 500 | |a Online veröffentlicht: 15. August 2024 | ||
| 500 | |a Gesehen am 19.11.2024 | ||
| 520 | |a In den letzten Jahren haben sich die Zahlen von Patienten, die mit einer extrakorporalen Membranoxygenierung (ECMO) aufgrund einer schweren respiratorischen Insuffizienz oder eines kardiogenen Schocks auf Intensivstationen behandelt werden, stetig erhöht [1]. Damit steigt auch zwangsläufig die Anzahl an invasiven Prozeduren und Operationen bei dieser Patientenklientel. Ein prinzipielles Verständnis der Funktionsweise und der Indikationen für den Einsatz dieser Systeme ist damit auch für den (nicht kardio‑)chirurgisch tätigen Arzt hilfreich. Der Schwerpunkt dieses Übersichtsartikels liegt auf den peripheren ECMO-Verfahren: venovenöse (V-V-)ECMO bei Patienten mit respiratorischer Insuffizienz und venoarterielle (V-A-)ECMO zur Kreislaufunterstützung bei kardiogenem Schock. | ||
| 650 | 4 | |a Acute respiratory distress syndrome | |
| 650 | 4 | |a Akutes Atemnotsyndrom | |
| 650 | 4 | |a Cardiogenic shock | |
| 650 | 4 | |a Indications | |
| 650 | 4 | |a Indikation | |
| 650 | 4 | |a Kardiogener Schock | |
| 650 | 4 | |a Respiratorische Insuffizienz | |
| 650 | 4 | |a Respiratory failure | |
| 650 | 4 | |a Temporäre Organersatzverfahren | |
| 650 | 4 | |a Temporary organ replacement procedures | |
| 700 | 1 | |a Beck, Grietje |d 1965- |e VerfasserIn |0 (DE-588)114399360 |0 (DE-627)647300117 |0 (DE-576)337555028 |4 aut | |
| 700 | 1 | |a Krebs, Jörg |d 1978- |e VerfasserIn |0 (DE-588)131961713 |0 (DE-627)516320017 |0 (DE-576)298863081 |4 aut | |
| 700 | 1 | |a Otto, Matthias |d 1984- |e VerfasserIn |0 (DE-588)1237847168 |0 (DE-627)1764904648 |4 aut | |
| 773 | 0 | 8 | |i Enthalten in |t Die Chirurgie |d [Berlin] : Springer Medizin Verlag GmbH, 2022 |g 95(2024), 10, Seite 859-868 |h Online-Ressource |w (DE-627)1805714880 |w (DE-600)3120893-9 |x 2731-698X |7 nnas |a Periphere extrakorporale Membranoxygenierung in der perioperativen Medizin |
| 773 | 1 | 8 | |g volume:95 |g year:2024 |g number:10 |g pages:859-868 |g extent:9 |a Periphere extrakorporale Membranoxygenierung in der perioperativen Medizin |
| 856 | 4 | 0 | |u https://doi.org/10.1007/s00104-024-02135-5 |x Verlag |x Resolving-System |z lizenzpflichtig |3 Volltext |
| 856 | 4 | 0 | |u https://link.springer.com/article/10.1007/s00104-024-02135-5 |x Verlag |z lizenzpflichtig |3 Volltext |
| 951 | |a AR | ||
| 992 | |a 20241119 | ||
| 993 | |a Article | ||
| 994 | |a 2024 | ||
| 998 | |g 1237847168 |a Otto, Matthias |m 1237847168:Otto, Matthias |d 60000 |e 60000PO1237847168 |k 0/60000/ |p 4 |y j | ||
| 998 | |g 131961713 |a Krebs, Jörg |m 131961713:Krebs, Jörg |d 60000 |d 61600 |e 60000PK131961713 |e 61600PK131961713 |k 0/60000/ |k 1/60000/61600/ |p 3 | ||
| 998 | |g 114399360 |a Beck, Grietje |m 114399360:Beck, Grietje |d 60000 |d 61600 |e 60000PB114399360 |e 61600PB114399360 |k 0/60000/ |k 1/60000/61600/ |p 2 | ||
| 998 | |g 142374636 |a Sandrio, Stany |m 142374636:Sandrio, Stany |d 60000 |e 60000PS142374636 |k 0/60000/ |p 1 |x j | ||
| 999 | |a KXP-PPN1908951648 |e 4616298025 | ||
| BIB | |a Y | ||
| SER | |a journal | ||
| JSO | |a {"person":[{"role":"aut","display":"Sandrio, Stany","given":"Stany","family":"Sandrio"},{"given":"Grietje","display":"Beck, Grietje","family":"Beck","role":"aut"},{"role":"aut","given":"Jörg","display":"Krebs, Jörg","family":"Krebs"},{"given":"Matthias","display":"Otto, Matthias","family":"Otto","role":"aut"}],"physDesc":[{"extent":"9 S.","noteIll":"Illustrationen"}],"titleAlt":[{"title":"Peripheral extracorporeal membrane oxygenation in perioperative medicine$dprinciples, indications and challenges$hStany Sandrio, Grietje Beck, Joerg Krebs, Matthias Otto"}],"title":[{"title_sort":"Periphere extrakorporale Membranoxygenierung in der perioperativen Medizin","title":"Periphere extrakorporale Membranoxygenierung in der perioperativen Medizin"}],"name":{"displayForm":["Stany Sandrio, Grietje Beck, Joerg Krebs, Matthias Otto"]},"id":{"eki":["1908951648"],"doi":["10.1007/s00104-024-02135-5"]},"type":{"media":"Online-Ressource","bibl":"article-journal"},"recId":"1908951648","origin":[{"dateIssuedKey":"2024","dateIssuedDisp":"October 2024"}],"language":["ger"],"relHost":[{"origin":[{"dateIssuedDisp":"[2022]-","publisher":"Springer Medizin Verlag GmbH","publisherPlace":"[Berlin]"}],"language":["ger"],"note":["Gesehen am 02.06.22"],"recId":"1805714880","type":{"media":"Online-Ressource","bibl":"periodical"},"disp":"Periphere extrakorporale Membranoxygenierung in der perioperativen MedizinDie Chirurgie","id":{"zdb":["3120893-9"],"issn":["2731-698X"],"eki":["1805714880"]},"physDesc":[{"extent":"Online-Ressource"}],"part":{"volume":"95","issue":"10","year":"2024","text":"95(2024), 10, Seite 859-868","extent":"9","pages":"859-868"},"pubHistory":["Volume 93, issue 6 (June 2022)-"],"title":[{"title_sort":"Chirurgie","subtitle":"Zeitschrift für alle Gebiete der operativen Medizin","title":"Die Chirurgie"}],"titleAlt":[{"title":"Der Chirurg"},{"title":"Die Chirurgie vormals Der Chirurg"}]}],"note":["Online veröffentlicht: 15. August 2024","Gesehen am 19.11.2024"]} | ||
| SRT | |a SANDRIOSTAPERIPHEREE2024 | ||